| 000 | 00458nam a2200145 a 4500 | ||
|---|---|---|---|
| 001 | 000027985 | ||
| 005 | 20200930031244.0 | ||
| 008 | 110406s19uu dr a 000 0 spa d | ||
| 040 |
_aDO-SdBNP _bspa _cBNPHU |
||
| 082 |
_axxx _bD422f |
||
| 245 | 0 | 3 | _aEl deporte femenino a través de los siglos /. |
| 260 |
_aSanto Domingo : _bSecretaría de Estado de Deportes, Educación Física y Recreación, _c[19--?]. |
||
| 300 |
_a12 p. : _bil. ; _c22 cm. |
||
| 049 | _aBNPD | ||
| 999 |
_c27477 _d27477 |
||